Computer algorithms : introduction to design and analysis
Αποθηκεύτηκε σε:
| Κύριος συγγραφέας: | |
|---|---|
| Μορφή: | Βιβλίο |
| Γλώσσα: | English |
| Δημοσίευση: |
Reading, Mass :
Addison-Wesley,
1988
|
| Έκδοση: | 2nd ed. |
| Σειρά: | Addison-Wesley series in computer science
|
| Θέματα: | |
| Ετικέτες: |
Προσθήκη ετικέτας
Δεν υπάρχουν, Καταχωρήστε ετικέτα πρώτοι!
|
MARC
| LEADER | 00000nam a2200000 i 4500 | ||
|---|---|---|---|
| 001 | 1/43627 | ||
| 008 | 960209s1988 eng d | ||
| 020 | |a 0201060353 | ||
| 035 | |l 10025817 | ||
| 040 | |a GR-MY-UA |b gre |e aacr | ||
| 041 | 0 | |a eng | |
| 082 | 0 | |a 519.7 | |
| 100 | 1 | |a Baase, Sara. | |
| 245 | 1 | 0 | |a Computer algorithms : |b introduction to design and analysis |
| 250 | |a 2nd ed. | ||
| 260 | |a Reading, Mass : |b Addison-Wesley, |c 1988 | ||
| 490 | 1 | |a Addison-Wesley series in computer science | |
| 650 | 0 | 0 | |a Computer programming. |
| 650 | 0 | 0 | |a Algorithms. |
| 830 | 0 | |a Addison-Wesley series in computer science | |
| 852 | |a INST |b CHIOS |e 19960209 |h 519.7 BAA |p 005200002512 |q 005200002512 |t BK |y 0 | ||
| 909 | |a Χ |b 011702 | ||